000
00257nam a2200097Ia 4500
005
20251222114413.0
008
251222s1900||||xx |||||||||||||| ||spa||
082
_a
DVD0060/F81/2006/Ej.2
245
4
_a
The devil wears prada:El diablo viste a la moda
942
_c
DVD
999
_c
2125
_d
2125